[Event "RUS-chT U20"]
[Site "Kaliningrad"]
[Date "2013.08.10"]
[Round "9"]
[White "Piskovets, Nikita"]
[Black "Fedorov, Aisen"]
[Result "1/2-1/2"]
[WhiteElo "2181"]
[BlackElo "1909"]
[PlyCount "84"]
[EventDate "2013.08.02"]
[EventType "team-swiss"]
[EventRounds "9"]
[EventCountry "RUS"]
[SourceTitle "EXT 2018"]
[Source "ChessBase"]
[SourceDate "2017.10.13"]
[SourceVersion "1"]
[SourceVersionDate "2017.10.13"]
[SourceQuality "1"]

1. d4 Nf6 2. c4 g6 3. Nc3 Bg7 4. e4 d6 5. Nf3 0-0 6. Be2 Nbd7 7. 0-0 e5 8. d5 h6 9. Ne1 Kh7 10. Nd3 Qe7 11. b4 Ne8 12. a4 f5 13. Ba3 Nef6 14. f3 b6 15. a5 Ba6 16. Nb2 Nh5 17. Rf2 bxa5 18. bxa5 fxe4 19. Nxe4 Ndf6 20. Bd3 Nxe4 21. Bxe4 Nf6 22. Re2 Nxe4 23. Rxe4 Rf4 24. Qc2 Qg5 25. Kh1 Rxe4 26. Qxe4 Rf8 27. Nd3 Qd2 28. Bb4 Qc2 29. Rc1 Qb3 30. Bd2 Rb8 31. h4 Qa2 32. Be3 Bc8 33. g4 Bd7 34. h5 Be8 35. Nf2 Rb2 36. Kg2 Qxa5 37. Rh1 Qc3 38. g5 Re2 39. gxh6 Bf6 40. hxg6+ Bxg6 41. Qg4 Qxe3 42. Qd7+ Kh8 1/2-1/2

[Event "RUS-chT U20"]
[Site "Kaliningrad"]
[Date "2013.08.09"]
[Round "8"]
[White "Fedorov, Aisen"]
[Black "Payanidi, Janis"]
[Result "0-1"]
[WhiteElo "1909"]
[BlackElo "2047"]
[PlyCount "78"]
[EventDate "2013.08.02"]
[EventType "team-swiss"]
[EventRounds "9"]
[EventCountry "RUS"]
[SourceTitle "EXT 2018"]
[Source "ChessBase"]
[SourceDate "2017.10.13"]
[SourceVersion "1"]
[SourceVersionDate "2017.10.13"]
[SourceQuality "1"]

1. e4 e6 2. d4 d5 3. exd5 exd5 4. Nf3 Bd6 5. c4 c6 6. Bd3 Ne7 7. 0-0 0-0 8. Nc3 h6 9. Re1 Be6 10. cxd5 Nxd5 11. Ne5 Nd7 12. Nxd7 Qxd7 13. Qf3 Bg4 14. Qe4 Nf6 15. Qe3 Rae8 16. Qd2 Bf4 17. Re3 Bxe3 18. fxe3 Bf5 19. Qc2 Bxd3 20. Qxd3 Nd5 21. a3 Re7 22. e4 Nxc3 23. bxc3 Rfe8 24. e5 Rxe5 25. Bd2 Re2 26. Bf4 Qg4 27. Bg3 Qe4 28. Qxe4 R8xe4 29. Rb1 Re7 30. Bh4 g5 31. Bg3 Rc2 32. Rb3 b5 33. Be5 f6 34. Bg3 Re3 35. a4 Rd3 36. Rb1 bxa4 37. Ra1 a3 38. Bd6 a2 39. Re1 Rb2 0-1

[Event "RUS-chT U20"]
[Site "Kaliningrad"]
[Date "2013.08.07"]
[Round "6"]
[White "Konaplev, Anton"]
[Black "Fedorov, Aisen"]
[Result "0-1"]
[WhiteElo "1939"]
[BlackElo "1909"]
[PlyCount "154"]
[EventDate "2013.08.02"]
[EventType "team-swiss"]
[EventRounds "9"]
[EventCountry "RUS"]
[SourceTitle "EXT 2018"]
[Source "ChessBase"]
[SourceDate "2017.10.13"]
[SourceVersion "1"]
[SourceVersionDate "2017.10.13"]
[SourceQuality "1"]

1. e4 c5 2. Nc3 e6 3. Nf3 Nc6 4. d4 cxd4 5. Nxd4 a6 6. g3 Nf6 7. Bg2 Be7 8. 0-0 0-0 9. Nb3 d6 10. Be3 Qc7 11. a4 Ne5 12. Nd4 Bd7 13. Qe2 Rac8 14. Rfd1 Nc4 15. Bc1 Ne8 16. b3 Na5 17. Bb2 Bf6 18. Qe3 Nc6 19. Nde2 Ne7 20. f4 h6 21. Rd3 Bc6 22. g4 Ng6 23. h3 Qb8 24. b4 b5 25. a5 Bb7 26. Rb1 Qa8 27. Ba1 Rc4 28. Ng3 Qc8 29. Nh5 Qa8 30. Nxf6+ Nxf6 31. Rd4 Rxd4 32. Qxd4 Nxf4 33. Qxd6 Nxg2 34. Kxg2 Bxe4+ 35. Kg1 Rd8 36. Qh2 Qa7+ 37. Qf2 Qxf2+ 38. Kxf2 Bxc2 39. Rc1 Bb3 40. Ne2 Bc4 41. Nd4 Nd5 42. Rb1 Kf8 43. Kf3 Rc8 44. Ke4 Ke7 45. Nf3 f6 46. Bd4 e5 47. Ba1 Ke6 48. Nd2 g6 49. Kf3 f5 50. gxf5+ gxf5 51. Nxc4 Rxc4 52. Rg1 Ne7 53. Rg7 Rxb4 54. Bxe5 Rb3+ 55. Kg2 Kxe5 56. Rxe7+ Kf4 57. Re6 Rb2+ 58. Kg1 Rb1+ 59. Kg2 Rb2+ 60. Kg1 b4 61. Rxa6 b3 62. Rb6 h5 63. Rb5 Kg3 64. Kf1 f4 65. a6 Rb1+ 66. Ke2 f3+ 67. Ke3 Re1+ 68. Kd4 Ra1 69. Rxb3 Rxa6 70. Ke4 Re6+ 71. Kf5 Re8 72. Kg5 h4 73. Kh5 Re5+ 74. Kg6 Kg2 75. Kf6 Ra5 76. Rb4 f2 77. Rb2 Kg1 0-1

[Event "Yakutsk op"]
[Site "Yakutsk"]
[Date "2012.12.19"]
[Round "9"]
[White "Maksimov, Ivan"]
[Black "Fedorov, Aisen"]
[Result "0-1"]
[WhiteElo "2142"]
[BlackElo "2306"]
[PlyCount "81"]
[EventDate "2012.12.17"]
[EventType "swiss"]
[EventRounds "9"]
[EventCountry "RUS"]
[SourceTitle "CBM 152 Extra"]
[Source "ChessBase"]
[SourceDate "2013.02.25"]
[SourceVersion "1"]
[SourceVersionDate "2013.02.25"]
[SourceQuality "1"]

1. d4 Nf6 2. c4 c5 3. d5 e6 4. Nc3 exd5 5. cxd5 d6 6. e4 Be7 7. Nf3 Nbd7 8. Be2 a6 9. a4 0-0 10. 0-0 Re8 11. Bf4 Bf8 12. Qc2 Ng4 13. Nd2 Nge5 14. Bg3 Nf6 15. h3 Ng6 16. f4 Bd7 17. Nc4 b5 18. axb5 axb5 19. Rxa8 Qxa8 20. Nb6 Qa7 21. Nxd7 c4+ 22. Kh1 Qxd7 23. Bf3 Qb7 24. Ra1 Nd7 25. Ne2 Nc5 26. Nd4 Nd3 27. b3 Rc8 28. Nc6 Ra8 29. Rxa8 Qxa8 30. bxc4 bxc4 31. f5 Qa1+ 32. Kh2 Nge5 33. Be2 Qa6 34. Qc3 h5 35. Nxe5 dxe5 36. Bxd3 cxd3 37. Bxe5 Bd6 38. Bxd6 Qxd6+ 39. Kg1 Qb6+ 40. Kf1 Qb1+ 41. Qe1 0-1

[Event "Yakutsk op"]
[Site "Yakutsk"]
[Date "2012.12.18"]
[Round "2"]
[White "Fedorov, Aisen"]
[Black "Mestnikov, Aisen"]
[Result "0-1"]
[WhiteElo "2306"]
[BlackElo "1670"]
[PlyCount "104"]
[EventDate "2012.12.17"]
[EventType "swiss"]
[EventRounds "9"]
[EventCountry "RUS"]
[SourceTitle "CBM 152 Extra"]
[Source "ChessBase"]
[SourceDate "2013.02.25"]
[SourceVersion "1"]
[SourceVersionDate "2013.02.25"]
[SourceQuality "1"]

1. e4 e5 2. Nc3 Nc6 3. Bb5 d6 4. Nf3 Nf6 5. h3 Bd7 6. 0-0 g6 7. d3 Bg7 8. Bg5 0-0 9. Nd5 Be6 10. Ne3 Ne7 11. Qe2 h6 12. Bxf6 Bxf6 13. Nh2 Bg7 14. Ba4 Kh7 15. Bb3 Qd7 16. Kh1 a5 17. Bxe6 Qxe6 18. c3 f5 19. exf5 Nxf5 20. Nxf5 Rxf5 21. Ng4 Raf8 22. a3 Rf4 23. Rae1 Qf5 24. Kg1 Qg5 25. f3 h5 26. Nf2 Rxf3 27. Ne4 Rxf1+ 28. Rxf1 Rxf1+ 29. Qxf1 Qe3+ 30. Kh1 d5 31. Nf2 e4 32. dxe4 dxe4 33. h4 Qg3 34. Qe2 Be5 35. Kg1 e3 36. Nh3 Qh2+ 37. Kf1 Qh1+ 38. Ng1 Qxh4 39. Nh3 Qf6+ 40. Kg1 Qf5 41. Qxe3 Qb1+ 42. Kf2 Qxb2+ 43. Kf1 Qb5+ 44. Kf2 Qb6 45. Ng5+ Kg8 46. Qxb6 cxb6 47. c4 a4 48. Kf3 Bb2 49. Ne4 Kf8 50. Ke2 Ke7 51. Kd3 Ke6 52. Kc2 Ke5 0-1